000 00383nam a22001457a 4500
020 _qPB.
040 _cFIZZA ISHAQ
082 _a005.11
_bBER
100 _aDUTOIT, H. ALLEN BRUEGGE BERND.
_990175
245 _aOBJECT SOFTWARE ENGINEERING /
_cBERND BRUEGGE ALLEN H.DUTOIT.
250 _a3rd ED.
260 _aNEW DEHLI ;
_bPEARSON,
_c2014.
300 _a723 P. ;
942 _2ddc
_cBK
999 _c588538
_d588538